| 000 | 00372 a2200157 4500 | ||
|---|---|---|---|
| 999 |
_c12738 _d12738 |
||
| 003 | OSt | ||
| 005 | 20240709154148.0 | ||
| 008 | 240709b ||||| |||| 00| 0 eng d | ||
| 020 | _a 9781957183732 | ||
| 082 |
_a729.959 _bDEK |
||
| 100 | _aMark DeKay and Gail Brager | ||
| 245 | _aExperiential design schemas | ||
| 260 | _bORO Editions | ||
| 300 | _a447p; | ||
| 942 | _2ddc | ||